Mathematical Operations by Symbol - Statistics

General Stats
  • This quiz has been taken 63 times
    60 since last reset
  • The average score is 16 of 20
Answer Stats
Symbol Operation % Correct
+ Addition
98%
/ Division
98%
* Multiplication
98%
Root
96%
- Subtraction
96%
^ Exponentiation
94%
tan Tangent
94%
cos Cosine
92%
sin Sine
92%
log Logarithm
90%
cot Cotangent
78%
d/dx Differentiation
76%
! Factorial
76%
Integration
69%
sec Secant
63%
csc Cosecant
61%
Σ Summation
59%
| | Absolute Value
57%
% or mod Modulo
47%
Π Product of a Sequence
35%
No matching quizzes found
Score Distribution
Percent of People with Each Score
Percentile by Number Answered
Your Score History
You have not taken this quiz since the last reset